1179 1750 1687 1572 1924 1840 1169 1570 1284 1955 1254 1798 1477 1559 1935 1645 1395 1062 1855 1290 1238 1317 1062 1106 1149 1918 1023 1732 1110 1148 1883 1158 1187 1360 1855 1820 1779 1501 1024 1188 1668 1576 1821 1191 1598 1976 1132 1759 1354 1361 1768 1302 1317 1388 1410 1515 1682 1770 1398 1434 1300 1477 1544 1753 1353 1106 1294 1668 1211 1954 1633 1700 1559 1818 1430 1954 1662 1163 1666 1103 1029 1140 1618 1936 1865 1451 1358 1812 1620 1874 1881 1781 1258 1749 1860 1943 1061 1213 1892 BCNSPRNW ULIB Ver.6.0+V

เปลี่ยนเป็นภาษาไทย

Change to English
 แสดงรายละเอียดบรรณานุกรม
  กลับหน้าหลัก

Brief Record : Get Marc (ISO 2709) : E-mail record : QR code < ปิดหน้าต่าง
LEADER : 00000nam 2200000uu 4500
001    13399128439
003     ULIB
008    020711s2021 th a 000 0 eng d
020    ^a9781260469363
060    ^aWQ18.2^bT756C
100    ^aToy, Eugene C,Ross, Patti Jayne,Baker, Benton,Jennings, John (Author)
245    ^aCase Files Obstetrics and Gynecology
250    ^a6th ed
260    ^aNew York :^bMcGraw Hill,^c2021
300    ^a740 pages;^c19 cm
650    ^aPregnancy
650    ^aGenital Diseases
945    ^p910^l0^i010198
999    ^aประนอม เกษจรัล
รายการนี้ยังไม่มีแท็ก
คุณยังไม่ได้ล็อกอิน คุณสามารถมีกิจกรรมร่วมกับเว็บไซต์ได้ แต่ต้องล็อกอินก่อน ::
  ล็อกอิน

รายการสื่อสารสนเทศ

ลำดับที่ ประเภท เลขเรียก/บาร์โค้ด สถานที่ สถานะ
1. วิทยาศาสตร์การแพทย์ และสุขภาพ
หนังสือสำรอง
สถานะ=หนังสือสำรอง
WQ18.2 T756C ฉ.1 
  Barcode: 010198
ห้องสมุดวิทยาเขตสวรรค์ประชารักษ์
►หนังสือทั่วไป
บนชั้น

รายการใกล้เคียง
    หัวเรื่อง [Pregnancy]
    หัวเรื่อง [Genital Diseases]

BibComment


ยังไม่เคยถูกคอมเมนท์

คอมเมนท์ทรัพยากรรายการนี้
  คอมเมนท์: Case Files Obste..


 Copyright 2026. Bcnsprnw @Library